=LDR 00000nam 2200000 4500 =001 INLIS000000000016782 =005 20130612112028 =008 ***********************************Ind** =035 ##$$0010-061300000016782 =041 ##$$a Ind =082 ##$$a F Rom K =090 ##$$a F Rom K, Stu j =100 ##$$a Studio, S.P =245 ##$$a Jalan bidadari (the fairies pathway), S.P Studio =260 ##$$a 2000 $b Bandung =300 ##$$a 22 hlm, ilus, 24 cm =650 ##$$a Fiksi anak-anak =850 ##$$a NBPNMAT